[Event "Mittelfranken-chTB2b 1718"]
[Site "Mittelfranken"]
[Date "2018.01.28"]
[Round "4.4"]
[White "Schwarz, Norbert"]
[Black "Klein, Waldemar"]
[Result "0-1"]
[WhiteElo "1438"]
[BlackElo "1887"]
[PlyCount "78"]
[EventDate "2017.10.08"]
[EventType "team-tourn"]
[EventRounds "9"]
[EventCountry "GER"]
[SourceTitle "EXT 2022"]
[Source "ChessBase"]
[SourceDate "2021.10.06"]
[SourceVersion "1"]
[SourceVersionDate "2021.10.06"]
[SourceQuality "1"]
[WhiteTeam "Schnaittach"]
[BlackTeam "Nuernberg Sued SW III"]
[WhiteTeamCountry "GER"]
[BlackTeamCountry "GER"]

1. d4 Nf6 2. c4 e6 3. Nc3 b6 4. Nf3 Bb7 5. e3 Bb4 6. Bd2 0-0 7. Bd3 Bxc3 8. Bxc3 Ne4 9. 0-0 Nxc3 10. bxc3 f5 11. Re1 Qf6 12. e4 Bxe4 13. Bxe4 fxe4 14. Rxe4 c6 15. Qe2 Na6 16. Ne5 Qe7 17. Qh5 Rf5 18. Qh4 Qxh4 19. Rxh4 Rd8 20. Re1 Nc7 21. Re3 Ne8 22. Rg3 Nf6 23. Ng4 Nxg4 24. Rhxg4 g6 25. Rg5 Rdf8 26. Rxf5 Rxf5 27. Re3 Ra5 28. Re2 Kf7 29. f3 Ra3 30. Rc2 Ra4 31. Kf2 Rxc4 32. Ke3 d5 33. g4 c5 34. Kd3 cxd4 35. cxd4 Rxc2 36. Kxc2 g5 37. Kd3 Kf6 38. Ke3 e5 39. h3 b5 0-1